000 00692nam a2200265Ia 4500
001 8434
005 20240113234110.0
007 ta
008 050719s1993 a g b000 u eng u
020 _cHB
040 _aCotton College,Assam
041 _aeng
082 _a940
_bNa 164 Th
100 _aNarain, Prem.
245 0 _aThemes of Modern European History /
_cPrem Narain.
_hTextual Documents
250 _a1st ed. /
260 _aNew Delhi :
_bKhosal Publishing House ,
_c1993.
300 _a259p. :
_bill. ;
_c22cm .
653 _aHistory-Europe
653 _aEurope History
653 _aPG-History
942 _2ddc
_cBK
999 _c8421
_d8421